They were there. (Record no. 5080)

000 -LEADER
fixed length control field 00549nam a2200181 a 4500
001 - CONTROL NUMBER
control field :::00002821$&:&@@
003 - CONTROL NUMBER IDENTIFIER
control field OkBaRHE
005 - DATE AND TIME OF LATEST TRANSACTION
control field 20000607103257.0
008 - FIXED-LENGTH DATA ELEMENTS--GENERAL INFORMATION
fixed length control field s1966 j 000 0 eng u
040 ## - CATALOGING SOURCE
Transcribing agency
100 1# - MAIN ENTRY--PERSONAL NAME
Personal name Hager, Wesley H.
245 10 - TITLE STATEMENT
Title They were there.
260 ## - PUBLICATION, DISTRIBUTION, ETC. (IMPRINT)
Place of publication, distribution, etc Grand Rapids, MI., :
Name of publisher, distributor, etc Eerdmans Publishing Company
Date of publication, distribution, etc c1966
300 ## - PHYSICAL DESCRIPTION
Extent 108 p. ;
Dimensions 21 cm.
650 ## - SUBJECT ADDED ENTRY--TOPICAL TERM
Topical term or geographic name as entry element Bible New Testament
General subdivision Biography
942 ## - ADDED ENTRY ELEMENTS (KOHA)
Source of classification or shelving scheme
Koha item type Books
Copies
Price effective from Barcode Shelving location Copy number Damaged status Not for loan Full call number Lost status Withdrawn status Source of classification or shelving scheme Date acquired Date last seen Koha item type Permanent Location
2010-04-142821General Stacks1  BS 2430 .H32   2010-04-142018-03-16BooksRHEMA Bible Training College